MDQL
is popping MORE tags! Check the
thread
!
Quizzes
Events
Quiz Creation
Community
Videos
Private Events
Remove Ads
Sign In
Join for FREE
Feedback
Dark Mode
Quiz Categories
Sports
Geography
Music
Movies
Television
Just For Fun
Miscellaneous
History
Literature
Language
Science
Gaming
Entertainment
Religion
Holiday
For Kids
Quiz Lab
Recent
Popular Today
Quiz Kudos Today
Editor Picks
Curator Picks
Quizzes by...
Day
Popularity
Type
Ratings
Length
Year
Community
Subscriptions
Recent Discussions
Orange Saloon
Badges
Playlists
Quests
Create
Leaderboards
Showdown
Live 5
Trivia Bingo
Activity
Puzzle Library
Sporcle Events
Private Events
Virtual Trivia
Globe League
Become a Host
Pub Owners
SporcleCon
Opinionation
Our Games
Videos
Blog
Mobile Apps
Partnerships
Remove Ads and Go Orange
Feedback
Sports
Athletes
MLB
NBA
NHL
NFL
Soccer
Sports Teams
WWE
NCAA
Football
Premier League
Basketball
Baseball
Hockey
Golf
Tennis
Cricket
Rugby
Auto Racing
Olympics
World Cup
Sports
Athletes
MLB
NBA
NHL
NFL
Soccer
Sports Teams
WWE
NCAA
Football
Premier League
Basketball
Baseball
Hockey
Golf
Tennis
Cricket
Rugby
Auto Racing
Olympics
World Cup
Random Quiz
Search Sporcle
×
Quiz Lab
Quiz Lab
Sports
Bowling
Type in answers that appear in a list
Type in answers that appear in a list
Classic
Best Score? Go Orange.
Beaten Nicholson/Gilpin Stats
Can you name the players to have beaten Ian Nicholson and/or Martin Gilpin in the K&D Bowling League since 2009?
By
Gilps002
8m
31 Questions
8 Plays
8 Plays
8 Plays
Comments
Comments
Give Quiz Kudos
Give Quiz Kudos
-
- Ratings
hide this ad
Replay
Link that replays current quiz
Next Quiz
Link to next quiz in quiz playlist
You Got
0%
They Got
Avg Score
33%
Avg Friend Score
Upgrade to see
Score Distribution
Jump to the score distribution portion of the page
Score
0/31
Timer
08:00
0
Plays Today
When
Player
% Correct
Aug-
12
Martin Gilpin
100%
Aug-
10
Martin Gilpin
87.5%
Apr-
10
Ian Nicholson
75%
May-
11
Ian Nicholson
75%
Jul-
11
Ian Nicholson
75%
Jul-
09
Steve Carruthers
62.5%
Aug-
10
Steve Carruthers
62.5%
May-
11
Daniel Varcoe
62.5%
Apr-
12
Linda Valentine
62.5%
Jun-
10
Steve Hillbeck
50%
Jul-
12
Simon Bray
50%
Jul-
12
Mark Ashburn
50%
Apr-
13
Ian Nicholson
50%
Apr-
13
Stephen Ashburn
50%
Apr-
13
Stephen Ashburn
50%
May-
13
Steve Hillbeck
50%
When
Player
% Correct
May-
13
Harold Varcoe
50%
Aug-
13
Steve Hillbeck
50%
Aug-
13
Dan Varcoe
50%
Jul-
14
David Heness
50%
Aug-
14
Mark Ashburn
50%
Aug-
14
Dan Varcoe
50%
Apr-
09
Brian Suthers
37.5%
Apr-
09
Colin Milligan
37.5%
Aug-
09
Ray Gott
37.5%
Aug-
10
James Dennison
37.5%
Jun-
11
Ray Gott
37.5%
Aug-
09
Billy Harding
25%
Aug-
09
Keith Earnshaw
25%
Apr-
11
Phil Larkin
25%
May-
15
Steve Greenway
0%
Quiz Playlist
Details
Report
Send in Message
Add To Playlist
Classic:
Type in answers that appear in a list
Last Updated: Feb 16, 2017
Quiz Scoreboard
CHALLENGE
Sign Up to Join the Scoreboard
Show All
Scores
Hide
Comments
May contain spoilers
Recently Published
1-10 Letter E Words III
by El_Dandy
Language
2m
Street Fighter Characters
by Artimus82
Gaming
60s
College Basketball Coaching Resumes
by pancakes188
Sports
9m
More to Explore
Quiz From the Vault
Featured Blog Post
Where Did the Easter Bunny Come From?
hide this ad
You Might Also Like...
Tags
beaten
Bowling
Crown
green
League
Player
score
Today's Top Quizzes in Sports
Browse Sports
hide this ad
Today's Top Quizzes in Bowling
Browse Bowling
Top Contributed Quizzes in Sports
1
2022 World Cup Stars
2
Les meilleurs buteurs des matchs entre le PSG et l’OM
3
FIFA Club World Cup Champions
4
Les entraîneurs de l'OM et du PSG au 21e siècle
5
Criteria MLB: Left Handed Sluggers
6
2023 MLB Unique Player Accomplishments
7
AFC Teams Reveal (Wrong Answers Minefield)
8
Players with Multiple 50 Home Run Seasons
9
5-to-1: FBS Animal Nicknames
10
5-to-1: UK Sports Teams
Explore More
Trending Topics
Kpop
Disney
Marvel
Harry Potter
NBA
Anime
Crossword
Soccer
Country
Song
WWE
NFL
The Office
Puzzle
Pokémon
hide this ad
More By:
Gilps002
Quiz
Plays
Rating
Category
Featured
Created
Ivy Leaf Pool Team Players 2005-2015
21
Sports
Dec 11, 2012
Kendal League Belt
19
Sports
Sep 12, 2012
Kendal League Champions
17
Sports
Apr 18, 2012
Unbelievable Mitchells Classic
13
Sports
Apr 19, 2012
Kendal League D1 Points
12
Sports
May 29, 2014
Go to Creator's Profile
Score Distribution
Quiz Creator Spotlight
Gilps002
Follow
Send a Message
Quizzes Created
-
Created Quiz Play Count
-
More By This Creator
Popular Quizzes Today
1
Find the US States - No Outlines Minefield
2
Find the Countries of Europe - No Outlines Minefield
3
The Countries of the World
4
Find the US States
5
Risky Map Clicking: Biggest States A-Z
6
US States
7
Popular People in 1961
8
Movies - When Are They Set?
More Sports Quizzes
Thomas Tuchel - Coach Career
Quiz Lab
Trending Quizzes
Risky Map Clicking: Least Populous States A-Z
1-10 Letter G Words
1-10 Letter F Words
Countries of the World: 200 Million BC
Risky Map Clicking: Next State Alphabetically
Recently Updated
Most Oscar Losses (Acting)
pecheneg
Beyoncé Albums
pecheneg
Leaping Animals
pecheneg
Reality TV Shows (A-Z)
bhenderson79
Rickey Henderson's Hall of Fame Teammates
pecheneg
Champions League XIs: Arsenal
pecheneg
Quick Pick: Celebrities in WWE's Hall of Fame
aduchscher
A-Z Keypad Blitz II
pecheneg
Multiple Oscar Actors
pecheneg
Mystery Phrase Blitz: Oscar 'Best Actors'
pecheneg
Trending Topics
Marvel
Kpop
NBA
Disney
Crossword
Harry Potter
Anime
Soccer
NFL
The Office
Country
WWE
Puzzle
Pokémon
Song
Your Account Isn't Verified!
In order to create a playlist on Sporcle, you need to verify the email address you used during registration. Go to your
Sporcle Settings
to finish the process.
Report this User
Report this user for behavior that violates our
Community Guidelines
.
Details:
Send Report
Go to the Sporcle.com Mobile Site →
Comments